Online
Catalog

Poemario de la mujer puertorriquena / (Record no. 4938)

MARC details
000 -CABECERA
campo de control de longitud fija 00850nam a2200229 a 4500
001 - NÚMERO DE CONTROL
campo de control 000005135
005 - FECHA Y HORA DE LA ÚLTIMA TRANSACCIÓN
campo de control 20200929151604.0
008 - DATOS DE LONGITUD FIJA--INFORMACIÓN GENERAL
campo de control de longitud fija 780222s1976 pr ac s000 p spa
040 ## - FUENTE DE LA CATALOGACIÓN
Centro catalogador/agencia de origen DO-SdBNP
Lengua de catalogación spa
Centro/agencia transcriptor BNPHU
082 ## - NÚMERO DE LA CLASIFICACIÓN DECIMAL DEWEY
Número de clasificación PR861.44
Número de documento/Ítem P744m
245 00 - MENCIÓN DE TÍTULO
Título Poemario de la mujer puertorriquena /
Mención de responsabilidad, etc. Marina Arzola ... [et al.].
260 ## - PUBLICACIÓN, DISTRIBUCIÓN, ETC.
Lugar de publicación, distribución, etc. San Juan de Puerto Rico :
Nombre del editor, distribuidor, etc. Instituto de Cultura Puertorriquena,
Fecha de publicación, distribución, etc. 1976.
300 ## - DESCRIPCIÓN FÍSICA
Extensión v. :
Otras características físicas il, retrs. ;
Dimensiones 18 cm.
490 1# - MENCIÓN DE SERIE
Mención de serie Literatura hoy ;
Designación de volumen o secuencia 10
500 ## - NOTA GENERAL
Nota general La biblioteca posee el v.1, t.1
650 #4 - PUNTO DE ACCESO ADICIONAL DE MATERIA--TÉRMINO DE MATERIA
Término de materia o nombre geográfico como elemento de entrada Poesía puertorriqueña
Subdivisión general Mujeres como autores
9 (RLIN) 14701
700 12 - PUNTO DE ACCESO ADICIONAL--NOMBRE DE PERSONA
Nombre de persona Arzola, Marina,
Fechas asociadas al nombre 1939-1976.
9 (RLIN) 14702
700 12 - PUNTO DE ACCESO ADICIONAL--NOMBRE DE PERSONA
Nombre de persona Barreto, Lydia Zoraida,
Fechas asociadas al nombre 1948-
9 (RLIN) 14703
710 2# - PUNTO DE ACCESO ADICIONAL--NOMBRE DE ENTIDAD CORPORATIVA
Nombre de entidad corporativa o nombre de jurisdicción como elemento de entrada Instituto de Cultura Puertorriquena.
9 (RLIN) 4083
830 #0 - PUNTO DE ACCESO ADICIONAL DE SERIE-TÍTULO UNIFORME
Título uniforme Literattura hoy;
Número de parte o sección de la obra 10
9 (RLIN) 14704
910 ## - DATOS DE OPCIÓN DEL USUARIO (OCLC)
Datos de opción del usuario Validado. Control de calidad MFF
Holdings
Estado de retiro Estado de pérdida Restricciones de uso No para préstamo Código de colección Localización permanente Ubicación/localización actual Ubicación en estantería Fecha de adquisición Número de inventario Total de préstamos Signatura topográfica completa Código de barras Fecha visto por última vez Precio válido a partir de Tipo de ítem Koha
    Préstamo interno   Monografías: Libros y Folletos General General Depósito 29.07.2009 LF1   PR861.44 P744m 5135-10 25.06.2020 25.06.2020 Préstamo interno

Powered by Koha